Countries of the World: Bordering Country of Similar Size - Statistics

General Stats
  • This quiz has been taken 54 times
    48 since last reset
  • The average score is 106 of 156
Answer Stats
COUNTRY BORDERING COUNTRY WITH SIMILAR AREA % Correct
Algeria Libya
88%
Angola Namibia
88%
Afghanistan Turkmenistan
85%
Argentina Bolivia
82%
Armenia Georgia
82%
Greece Bulgaria
79%
Austria Czech Republic
79%
Germany Poland
79%
Andorra Spain
79%
Brazil Argentina
76%
Georgia Azerbaijan
76%
Chile Bolivia
76%
Bosnia and Herzegovina Croatia
76%
Azerbaijan Georgia
76%
Denmark Germany
76%
El Salvador Guatemala
76%
Guatemala Honduras
76%
Jordan Israel
76%
Cambodia Laos
76%
Estonia Latvia
76%
Egypt Libya
76%
Albania Macedonia
76%
Belgium Netherlands
76%
Finland Norway
76%
India Pakistan
76%
Costa Rica Panama
76%
Colombia Peru
76%
Belarus Poland
76%
France Spain
76%
Ireland United Kingdom
76%
Canada United States
76%
Czech Republic Austria
74%
Croatia Bosnia and Herzegovina
74%
Côte d'Ivoire Burkina Faso
74%
Ghana Burkina Faso
74%
Bangladesh Burma
74%
Ecuador Colombia
74%
Peru Colombia
74%
Panama Costa Rica
74%
Eritrea Djibouti
74%
Djibouti Eritrea
74%
Poland Germany
74%
Bulgaria Greece
74%
Belize Guatemala
74%
China India
74%
East Timor Indonesia
74%
Israel Lebanon
74%
Brunei Malaysia
74%
Indonesia Papua New Guinea
74%
Bolivia Peru
74%
Burundi Rwanda
74%
Gambia Senegal
74%
Ethiopia Somalia
74%
Portugal Spain
74%
Guyana Suriname
74%
Burma Thailand
74%
Benin Togo
74%
Qatar UAE (Saudi Arabia)
74%
Botswana Zambia
74%
Pakistan Afghanistan
71%
Democratic Republic of the Congo Angola
71%
Italy Austria
71%
Paraguay Bolivia
71%
Haiti Dominican Republic
71%
Equatorial Guinea Gabon
71%
Honduras Guatemala
71%
Dominican Republic Haiti
71%
Papua New Guinea Indonesia
71%
San Marino Italy
71%
Lithuania Latvia
71%
Iraq Syria
71%
Netherlands Belgium
68%
Romania Bulgaria
68%
Laos Cambodia
68%
Russia China
68%
Norway Finland
68%
Republic of the Congo Gabon
68%
Burkina Faso Ghana
68%
Bhutan India
68%
Kuwait Iraq
68%
Lebanon Israel
68%
Latvia Lithuania
68%
Chad Niger
68%
Iran Pakistan
68%
Cameroon Republic of the Congo
68%
Gabon Republic of the Congo
68%
Guinea Senegal
68%
Liberia Sierra Leone
68%
Lesotho South Africa
68%
North Korea South Korea
68%
Libya Sudan
68%
Kyrgyzstan Tajikistan
68%
Kazakhstan Turkmenistan
68%
Oman Yemen
68%
Saudi Arabia Yemen
68%
Luxembourg Belgium
65%
Rwanda Burundi
65%
Mongolia China
65%
Sweden Finland
65%
Monaco France
65%
Senegal Guinea
65%
Suriname Guyana
65%
Nepal India
65%
Sierra Leone Liberia
65%
Mauritania Mali
65%
Kosovo Montenegro
65%
Nigeria Niger
65%
South Korea North Korea
65%
Guinea-Bissau Senegal
65%
Central African Republic South Sudan
65%
Liechtenstein Switzerland
65%
Macedonia Albania
62%
Niger Chad
62%
Slovenia Croatia
62%
Slovakia Czech Republic
62%
Mexico Guatemala
62%
Nicaragua Honduras
62%
Serbia Hungary
62%
Montenegro Kosovo
62%
South Africa Namibia
62%
Yemen Oman
62%
Hungary Serbia
62%
Kenya South Sudan
62%
Malaysia Thailand
62%
Malawi Zambia
62%
Thailand Burma
59%
United States Canada
59%
Venezuela Colombia
59%
Turkey Iraq
59%
United Kingdom Ireland
59%
Vatican City Italy
59%
Syria Jordan
59%
Somalia Kenya
59%
Vietnam Laos
59%
Sudan Libya
59%
Tunisia Libya
59%
Spain Morocco
59%
Swaziland Mozambique
59%
Mali Niger
59%
United Arab Emirates Qatar (Oman)
59%
Moldova Romania
59%
Morocco Spain
59%
Turkmenistan Uzbekistan
59%
Mozambique Zambia
59%
Namibia Zambia
59%
Togo Benin
56%
Zimbabwe Botswana
56%
South Sudan Central African Republic
56%
Tajikistan Kyrgyzstan
56%
Switzerland Liechtenstein
56%
Tanzania Mozambique
56%
Uzbekistan Turkmenistan
56%
Uruguay Argentina
53%
Zambia Mozambique
53%
Uganda Rwanda
50%
Ukraine Poland
44%
No matching quizzes found
Score Distribution
Percent of People with Each Score
Percentile by Number Answered
Your Score History
You have not taken this quiz since the last reset